000 00541nam a2200193Ia 4500
003 OSt
005 20220926031427.0
006 a|||||r|||| 00| 0
007 ta
008 220923b |||||||| |||| 00| 0 eng d
037 _cGeneral Book
040 _aRTL
_cRTL
_beng
041 _2eng
_aeng
082 _aX651b4.73.N51, J1.44
245 0 _aCowles commission papers, chicago optimal inventory policy
260 _as.l
_bs.n.
_c1951
942 _hX651b4.73.N51, J1.44
_cGB
_2CC
999 _c652295
_d652295